Aunty mouse : (Record no. 3345)

MARC details
000 -LEADER
fixed length control field 00658nam a2200205 4500
001 - CONTROL NUMBER
control field 4084
005 - DATE AND TIME OF LATEST TRANSACTION
control field 20181127172603.0
010 00 - LIBRARY OF CONGRESS CONTROL NUMBER
LC control number
020 00 - INTERNATIONAL STANDARD BOOK NUMBER
International Standard Book Number 9788189884949
090 00 - LOCALLY ASSIGNED LC-TYPE CALL NUMBER (OCLC); LOCAL CALL NUMBER (RLIN)
Classification number (OCLC) (R) ; Classification number, CALL (RLIN) (NR) 398.2095498 C5455a
100 00 - MAIN ENTRY--PERSONAL NAME
Personal name Choden, Kunzang,
Dates associated with a name 1952-
245 00 - TITLE STATEMENT
Title Aunty mouse :
Remainder of title A traditional folktale from Bhutan /
Statement of responsibility, etc. Original story by Kunzang choden, Illustrated by Pema Tshering.
Medium
260 00 - PUBLICATION, DISTRIBUTION, ETC.
Place of publication, distribution, etc. New Delhi :
Name of publisher, distributor, etc. A Young Zubaan Original,
Date of publication, distribution, etc. 2011.
300 00 - PHYSICAL DESCRIPTION
Extent n.p. ; 22 cm.
650 ## - SUBJECT ADDED ENTRY--TOPICAL TERM
Topical term or geographic name entry element Children's literature.
Form subdivision
General subdivision
Chronological subdivision
Geographic subdivision
Source of heading or term
Topical term or geographic name entry element Folklore --
Form subdivision
General subdivision
Chronological subdivision
Geographic subdivision Bhutan.
Source of heading or term
Topical term or geographic name entry element Bhutan --Fiction.
General subdivision
Topical term or geographic name entry element Bhutan --Juvenile literature.
General subdivision
Topical term or geographic name entry element Tales Bhutan.
General subdivision
Holdings
Withdrawn status Lost status Source of classification or shelving scheme Damaged status Not for loan Collection code Home library Current library Shelving location Date acquired Serial Enumeration / chronology Inventory number Total Checkouts Total Renewals Full call number Barcode Date last seen Date last checked out Price effective from Koha item type
    Dewey Decimal Classification     Main TEST RTC Library RTC Library Main opac 20/10/2021 6838 4 2 398.2 CHO 30007174 18/09/2025 19/08/2025 27/11/2018 Main
Royal Thimphu College || All Right Reserved